| 000 | 00565ntaaa2200205 4500 | ||
|---|---|---|---|
| 003 | 01 | ||
| 005 | 20251027201529.0 | ||
| 008 | 0714s1973 ag 01 | ||
| 020 | _a9506830096 | ||
| 040 |
_aAR-BaBN _bspa _cAR-BaBN _eaacr _dRIC |
||
| 082 | _a242.5000 H24s | ||
| 100 |
_aHarrower, Juan _95117 |
||
| 245 | _a60 dias con Jeremías; un amor esperanzado | ||
| 250 | _a2 ed. | ||
| 260 |
_aBuenos Aires : _bEdiciones Certeza ABUA, _c1994 |
||
| 300 |
_a60 p. ; _c19,5 cm |
||
| 500 | _aGuía de devocionales diarios. | ||
| 650 |
_aBiblia. A.T. Jeremías _910430 |
||
| 942 | _cBK | ||
| 999 |
_c9874 _d9874 |
||